000
00224nam a22001097a 4500
040
_c
SK
082
_a
637
100
_a
PAYNE W.J.A
245
_a
Milk production in the tropics
260
_a
Phnom Penh
_b
FAO
_c
1989
942
_c
EK
999
_c
8574
_d
8574